<?xml version="1.0" encoding="UTF-8"?>
<record
    xmlns:xsi="http://www.w3.org/2001/XMLSchema-instance"
    xsi:schemaLocation="http://www.loc.gov/MARC21/slim http://www.loc.gov/standards/marcxml/schema/MARC21slim.xsd"
    xmlns="http://www.loc.gov/MARC21/slim">

  <leader>00769nab a2200205uuc4500</leader>
  <controlfield tag="001">1318554</controlfield>
  <controlfield tag="005">20240705090143.0</controlfield>
  <controlfield tag="008">130306                             spa  </controlfield>
  <datafield tag="035" ind1=" " ind2=" ">
    <subfield code="a">1318554</subfield>
  </datafield>
  <datafield tag="040" ind1=" " ind2=" ">
    <subfield code="c">comduadb</subfield>
  </datafield>
  <datafield tag="041" ind1=" " ind2=" ">
    <subfield code="a">spa</subfield>
  </datafield>
  <datafield tag="100" ind1="1" ind2="0">
    <subfield code="a">Villamil Garz&#xF3;n, Edwin Mauricio</subfield>
    <subfield code="4">aut</subfield>
    <subfield code="e">aut</subfield>
    <subfield code="9">553871</subfield>
  </datafield>
  <datafield tag="245" ind1="1" ind2="0">
    <subfield code="a">Rompiendo esquemas: discusiones, consignas y tropeles del estudiantado unversitario en Colombia en 1971</subfield>
  </datafield>
  <datafield tag="650" ind1=" " ind2=" ">
    <subfield code="a">Protestas estudiantiles - Colombia</subfield>
    <subfield code="9">169437</subfield>
  </datafield>
  <datafield tag="650" ind1=" " ind2=" ">
    <subfield code="a">Protestas estudiantiles</subfield>
    <subfield code="9">193077</subfield>
  </datafield>
  <datafield tag="650" ind1=" " ind2="7">
    <subfield code="a">Movimientos estudiantiles</subfield>
    <subfield code="z">Colombia</subfield>
    <subfield code="2">embne</subfield>
    <subfield code="9">48039</subfield>
  </datafield>
  <datafield tag="650" ind1=" " ind2="7">
    <subfield code="a">Movimientos estudiantiles</subfield>
    <subfield code="x">Historia</subfield>
    <subfield code="2">lemb</subfield>
    <subfield code="9">40315</subfield>
  </datafield>
  <datafield tag="773" ind1="0" ind2=" ">
    <subfield code="t">Controversia (Bogot&#xE1;)</subfield>
    <subfield code="g">No. 194, Jun. 2010, 229-259</subfield>
    <subfield code="w">103214</subfield>
    <subfield code="x">0120-4165</subfield>
    <subfield code="0">90956</subfield>
  </datafield>
  <datafield tag="942" ind1=" " ind2=" ">
    <subfield code="c">ARIMP</subfield>
  </datafield>
  <datafield tag="999" ind1=" " ind2=" ">
    <subfield code="c">645264</subfield>
    <subfield code="d">645264</subfield>
  </datafield>
</record>
